000 00315nam a22001337a 4500
003 OSt
008 250213b |||||||| |||| 00| 0 eng d
041 _aeng
100 _aVishwanath
_97139
245 _aEngineering Mathematics
260 _aNew Delhi;
_bSatya Prakashan
700 _aAggarwal, BM
_97140
942 _cBK
999 _c19371
_d19371